[Event "CZE National Open 2020"]
[Site "Kouty nad Desnou"]
[Date "2020.03.10"]
[Round "5.2"]
[White "Vyhnalek, Jan"]
[Black "Sedy, Matej"]
[Result "1/2-1/2"]
[WhiteElo "1528"]
[BlackElo "1443"]
[Annotator "NA"]
[PlyCount "97"]
[EventDate "2020.03.07"]
[EventCountry "CZE"]
[SourceTitle "playchess.com"]
[Source "ChessBase"]
[SourceQuality "1"]
[TimeControl "5400+30"]

1. c4 {[%emt 0:00:00]} e6 {[%emt 0:00:07]} 2. Nf3 {[%emt 0:01:09]} Nf6 {[%emt 0:01:23]} 3. g3 {[%emt 0:00:37]} d5 {[%emt 0:03:24]} 4. cxd5 {[%emt 0:00:56]} exd5 {[%emt 0:01:00]} 5. Bg2 {[%emt 0:00:38]} Be7 {[%emt 0:06:40]} 6. O-O {[%emt 0:00:38]} O-O {[%emt 0:01:38]} 7. d3 {[%emt 0:05:11]} Re8 {[%emt 0:06:49]} 8. b3 {[%emt 0:05:04]} c6 {[%emt 0:03:17]} 9. Bb2 {[%emt 0:03:26]} Bd6 {[%emt 0:03:41]} 10. Qc2 {[%emt 0:01:23]} Bg4 {[%emt 0:02:45]} 11. Nc3 {[%emt 0:04:20]} Bb4 {[%emt 0:09:16]} 12. a3 {[%emt 0:00:56]} Bf8 {[%emt 0:03:09]} 13. Rad1 {[%emt 0:01:35]} d4 {[%emt 0:04:15]} 14. Ne4 {[%emt 0:03:31]} Nxe4 {[%emt 0:03:02]} 15. dxe4 {[%emt 0:00:09]} c5 {[%emt 0:00:18]} 16. e3 {[%emt 0:04:49]} Nc6 {[%emt 0:01:36]} 17. exd4 {[%emt 0:02:32]} Bxf3 {[%emt 0:01:26]} 18. Bxf3 {[%emt 0:00:21]} cxd4 {[%emt 0:00:10]} 19. Be2 {[%emt 0:05:49]} Rc8 {[%emt 0:02:48]} 20. Qb1 {[%emt 0:00:36]} Bc5 {[%emt 0:03:16]} 21. b4 {[%emt 0:03:32]} Bb6 {[%emt 0:00:30]} 22. Kg2 {[%emt 0:00:44]} Qf6 {[%emt 0:03:04]} 23. Rd2 {[%emt 0:02:34]} Rcd8 {[%emt 0:02:47]} 24. f3 {[%emt 0:04:07]} Re6 {[%emt 0:06:33]} 25. Rfd1 {[%emt 0:00:40]} Red6 {[%emt 0:00:34]} 26. Qa1 {[%emt 0:00:45]} g5 {[%emt 0:04:53]} 27. Qa2 {[%emt 0:06:31]} Ne5 {[%emt 0:03:02]} 28. Qb3 {[%emt 0:00:55]} a6 {[%emt 0:03:13]} 29. Bc4 {[%emt 0:06:05]} Nxc4 {[%emt 0:01:49]} 30. Qxc4 {[%emt 0:00:31]} R8d7 {[%emt 0:01:32]} 31. Qe2 {[%emt 0:01:46]} Qe7 {[%emt 0:02:42]} 32. Qc4 {[%emt 0:03:54]} Qf6 {[%emt 0:01:23]} 33. Qb3 {[%emt 0:00:26]} Qe5 {[%emt 0:01:56]} 34. Qd3 {[%emt 0:03:21]} Rd8 {[%emt 0:01:09]} 35. Qe2 {[%emt 0:00:15]} h6 {[%emt 0:01:02]} 36. Rd3 {[%emt 0:00:41]} R8d7 {[%emt 0:02:03]} 37. Kh1 {[%emt 0:01:27]} Rd8 {[%emt 0:00:58]} 38. Qf2 {[%emt 0:01:45]} R8d7 {[%emt 0:01:02]} 39. Re1 {[%emt 0:00:42]} Qb5 {[%emt 0:00:56]} 40. Qd2 {[%emt 0:00:50]} a5 {[%emt 0:01:07]} 41. f4 {[%emt 0:13:07]} axb4 {[%emt 0:01:01]} 42. axb4 {[%emt 0:00:15]} f6 {[%emt 0:01:45]} 43. Kg2 {[%emt 0:04:31]} Qc6 {[%emt 0:01:00]} 44. Kf1 {[%emt 0:02:28]} g4 {[%emt 0:01:17]} 45. Qg2 {[%emt 0:01:11]} h5 {[%emt 0:00:59]} 46. e5 {[%emt 0:01:08]} Qxg2+ {[%emt 0:00:06]} 47. Kxg2 {[%emt 0:00:05]} fxe5 {[%emt 0:00:02]} 48. Rxe5 {[%emt 0:00:11]} Rd5 {[%emt 0:00:13]} 49. Re6 1/2-1/2

[Event "CZE National Open 2020"]
[Site "Kouty nad Desnou"]
[Date "2020.03.10"]
[Round "5.3"]
[White "Mrkvan, Frantisek"]
[Black "Steinbauer, Sebastian"]
[Result "1/2-1/2"]
[WhiteElo "1480"]
[BlackElo "1527"]
[Annotator "NA"]
[PlyCount "92"]
[EventDate "2020.03.07"]
[EventCountry "CZE"]
[SourceTitle "playchess.com"]
[Source "ChessBase"]
[SourceQuality "1"]
[TimeControl "5400+30"]

1. e4 {[%emt 0:00:00]} c5 {[%emt 0:00:00]} 2. Nf3 {[%emt 0:00:00]} Nc6 {[%emt 0:00:00]} 3. d4 {[%emt 0:00:00]} cxd4 {[%emt 0:00:04]} 4. Nxd4 {[%emt 0:00:00]} g6 {[%emt 0:00:13]} 5. c4 {[%emt 0:00:09]} Bg7 {[%emt 0:01:24]} 6. Be3 {[%emt 0:00:15]} Nf6 {[%emt 0:00:30]} 7. Nc3 {[%emt 0:00:06]} O-O {[%emt 0:00:39]} 8. f3 {[%emt 0:00:30]} d6 {[%emt 0:02:04]} 9. Qd2 {[%emt 0:00:49]} Bd7 {[%emt 0:03:09]} 10. Be2 {[%emt 0:00:37]} Re8 {[%emt 0:03:13]} 11. O-O {[%emt 0:00:52]} a6 {[%emt 0:03:50]} 12. Rac1 {[%emt 0:01:46]} Rc8 {[%emt 0:07:00]} 13. b3 {[%emt 0:01:39]} Qa5 {[%emt 0:07:03]} 14. a3 {[%emt 0:18:01]} Nh5 {[%emt 0:17:15]} 15. g4 {[%emt 0:26:02]} Nf4 {[%emt 0:05:04]} 16. Nxc6 {[%emt 0:01:57]} Nxe2+ {[%emt 0:00:11]} 17. Nxe2 {[%emt 0:00:16]} Qxd2 {[%emt 0:00:49]} 18. Nxe7+ {[%emt 0:00:43]} Rxe7 {[%emt 0:00:27]} 19. Bxd2 {[%emt 0:00:06]} Bb2 {[%emt 0:00:38]} 20. Rc2 {[%emt 0:01:02]} Bxa3 {[%emt 0:02:26]} 21. b4 {[%emt 0:00:21]} a5 {[%emt 0:00:13]} 22. bxa5 {[%emt 0:00:59]} Bc5+ {[%emt 0:00:52]} 23. Kg2 {[%emt 0:00:27]} Bc6 {[%emt 0:00:31]} 24. Ng3 {[%emt 0:01:54]} Ra8 {[%emt 0:01:09]} 25. Re1 {[%emt 0:04:31]} f6 {[%emt 0:02:04]} 26. Ra2 {[%emt 0:01:04]} b6 {[%emt 0:01:23]} 27. Be3 {[%emt 0:00:56]} Bb4 {[%emt 0:09:03]} 28. Rea1 {[%emt 0:04:50]} bxa5 {[%emt 0:00:36]} 29. Bd2 {[%emt 0:00:28]} Rb8 {[%emt 0:02:11]} 30. Bxb4 {[%emt 0:03:54]} axb4 {[%emt 0:00:19]} 31. Rb2 {[%emt 0:01:22]} Bd7 {[%emt 0:02:27]} 32. Rab1 {[%emt 0:00:41]} Be6 {[%emt 0:01:12]} 33. Rxb4 {[%emt 0:00:21]} Rc8 {[%emt 0:00:40]} 34. Rd1 {[%emt 0:03:35]} Rc6 {[%emt 0:01:12]} 35. Rb8+ {[%emt 0:00:14]} Kf7 {[%emt 0:02:14]} 36. Rd8 {[%emt 0:01:35]} Rxc4 {[%emt 0:01:06]} 37. R8xd6 {[%emt 0:00:25]} Rc2+ {[%emt 0:00:54]} 38. R1d2 {[%emt 0:00:51]} Rec7 {[%emt 0:00:43]} 39. Nf1 {[%emt 0:04:50]} Rxd2+ {[%emt 0:01:36]} 40. Rxd2 {[%emt 0:00:19]} Rd7 {[%emt 0:00:06]} 41. Rb2 {[%emt 0:01:13]} f5 {[%emt 0:00:21]} 42. exf5 {[%emt 0:02:05]} gxf5 {[%emt 0:00:10]} 43. Ne3 {[%emt 0:01:54]} fxg4 {[%emt 0:02:46]} 44. Nxg4 {[%emt 0:02:46]} Bxg4 {[%emt 0:00:29]} 45. fxg4 {[%emt 0:00:04]} h5 {[%emt 0:01:33]} 46. gxh5 {[%emt 0:08:18]} Rd5 {[%emt 0:00:18]} 1/2-1/2

[Event "CZE National Open 2020"]
[Site "Kouty nad Desnou"]
[Date "2020.03.10"]
[Round "5.4"]
[White "Svacina, Tobias"]
[Black "Cerny, Michael"]
[Result "0-1"]
[WhiteElo "1601"]
[BlackElo "1513"]
[Annotator "NA"]
[PlyCount "111"]
[EventDate "2020.03.07"]
[EventCountry "CZE"]
[SourceTitle "playchess.com"]
[Source "ChessBase"]
[SourceQuality "1"]
[TimeControl "5400+30"]

1. e4 {[%emt 0:00:00]} c5 {[%emt 0:00:00]} 2. Nf3 {[%emt 0:00:03]} Nc6 {[%emt 0:00:00]} 3. d4 {[%emt 0:00:26]} cxd4 {[%emt 0:00:00]} 4. Nxd4 {[%emt 0:00:29]} Nf6 {[%emt 0:00:00]} 5. Nc3 {[%emt 0:00:36]} g6 {[%emt 0:00:11]} 6. Be3 {[%emt 0:00:42]} Bg7 {[%emt 0:01:35]} 7. Be2 {[%emt 0:04:29]} O-O {[%emt 0:00:36]} 8. Nb3 {[%emt 0:00:40]} a6 {[%emt 0:12:27]} 9. f4 {[%emt 0:02:41]} d6 {[%emt 0:00:45]} 10. g4 {[%emt 0:03:38]} h6 {[%emt 0:11:21]} 11. h4 {[%emt 0:20:46]} b5 {[%emt 0:10:04]} 12. g5 {[%emt 0:05:48]} Nh7 {[%emt 0:00:38]} 13. h5 {[%emt 0:01:28]} e5 {[%emt 0:02:38]} 14. gxh6 {[%emt 0:03:04]} Bf6 {[%emt 0:00:27]} 15. hxg6 {[%emt 0:19:00]} fxg6 {[%emt 0:01:02]} 16. Qd5+ {[%emt 0:00:35]} Kh8 {[%emt 0:00:49]} 17. Qxc6 {[%emt 0:00:49]} Bh4+ {[%emt 0:00:11]} 18. Kd2 {[%emt 0:02:07]} Rb8 {[%emt 0:01:35]} 19. Rag1 {[%emt 0:03:13]} Bb7 {[%emt 0:03:26]} 20. Qb6 {[%emt 0:01:49]} Qe7 {[%emt 0:01:45]} 21. fxe5 {[%emt 0:03:23]} dxe5 {[%emt 0:00:25]} 22. Qxg6 {[%emt 0:01:21]} Rg8 {[%emt 0:04:56]} 23. Qh5 {[%emt 0:01:16]} Bg5 {[%emt 0:00:36]} 24. Bxg5 {[%emt 0:01:04]} Nxg5 {[%emt 0:00:06]} 25. Bd3 {[%emt 0:01:34]} Rbf8 {[%emt 0:00:43]} 26. Kc1 {[%emt 0:00:33]} b4 {[%emt 0:00:07]} 27. Nd5 {[%emt 0:00:37]} Qd8 {[%emt 0:01:29]} 28. Nc5 {[%emt 0:01:12]} Bxd5 {[%emt 0:00:27]} 29. exd5 {[%emt 0:01:10]} Qxd5 {[%emt 0:00:15]} 30. Ne4 Nxe4 {[%emt 0:02:20]} 31. Rxg8+ {[%emt 0:01:41]} Rxg8 {[%emt 0:00:11]} 32. h7 {[%emt 0:00:20]} Rf8 {[%emt 0:00:40]} 33. Rg1 {[%emt 0:03:07]} Nf6 {[%emt 0:09:45]} 34. Qh6 {[%emt 0:01:35]} Rf7 {[%emt 0:06:52]} 35. Qxf6+ {[%emt 0:00:48]} Rxf6 {[%emt 0:00:20]} 36. Rg8+ {[%emt 0:00:09]} Qxg8 {[%emt 0:00:07]} 37. hxg8=Q+ Kxg8 {[%emt 0:00:07]} 38. Kd2 {[%emt 0:01:06]} Kf7 {[%emt 0:01:56]} 39. Ke3 {[%emt 0:00:52]} Rd6 {[%emt 0:01:03]} 40. a4 {[%emt 0:02:19]} bxa3 {[%emt 0:05:27]} 41. bxa3 {[%emt 0:00:08]} a5 {[%emt 0:00:12]} 42. a4 {[%emt 0:00:52]} Rd4 {[%emt 0:01:03]} 43. Bb5 {[%emt 0:01:02]} Ke6 {[%emt 0:06:01]} 44. c3 {[%emt 0:00:35]} Rh4 {[%emt 0:01:08]} 45. c4 {[%emt 0:00:07]} Rd4 {[%emt 0:00:17]} 46. c5 {[%emt 0:00:07]} Ke7 {[%emt 0:00:33]} 47. c6 {[%emt 0:00:22]} Kd8 {[%emt 0:00:06]} 48. Ke2 {[%emt 0:00:43]} Kc7 {[%emt 0:01:35]} 49. Ke3 {[%emt 0:00:06]} Rb4 {[%emt 0:01:15]} 50. Kd3 {[%emt 0:00:17]} e4+ {[%emt 0:06:35]} 51. Ke3 {[%emt 0:00:49]} Kb6 {[%emt 0:00:50]} 52. Kf4 {[%emt 0:01:18]} Rxb5 {[%emt 0:01:19]} 53. axb5 {[%emt 0:00:05]} a4 {[%emt 0:00:03]} 54. Ke5 {[%emt 0:00:12]} Kc7 {[%emt 0:00:40]} 55. b6+ {[%emt 0:00:14]} Kxc6 {[%emt 0:00:25]} 56. Kd4 0-1

[Event "CZE National Open 2020"]
[Site "Kouty nad Desnou"]
[Date "2020.03.10"]
[Round "5.5"]
[White "Zaza, Martin"]
[Black "Hobza, Vojtech"]
[Result "1-0"]
[WhiteElo "1574"]
[BlackElo "1374"]
[Annotator "NA"]
[PlyCount "95"]
[EventDate "2020.03.07"]
[EventCountry "CZE"]
[SourceTitle "playchess.com"]
[Source "ChessBase"]
[SourceQuality "1"]
[TimeControl "5400+30"]

1. b3 {[%emt 0:00:00]} d5 {[%emt 0:00:00]} 2. Bb2 {[%emt 0:00:00]} Nc6 {[%emt 0:00:46]} 3. Nf3 {[%emt 0:00:00]} f6 {[%emt 0:01:29]} 4. d4 {[%emt 0:00:36]} Bf5 {[%emt 0:02:14]} 5. a3 {[%emt 0:00:43]} e6 {[%emt 0:02:40]} 6. e3 {[%emt 0:01:01]} Bd6 {[%emt 0:05:06]} 7. Bb5 {[%emt 0:00:20]} Qd7 {[%emt 0:03:44]} 8. Nbd2 {[%emt 0:01:20]} a6 {[%emt 0:01:36]} 9. Bxc6 {[%emt 0:00:13]} bxc6 {[%emt 0:02:30]} 10. b4 {[%emt 0:00:09]} Ne7 {[%emt 0:01:39]} 11. c4 {[%emt 0:02:46]} Ng6 {[%emt 0:00:24]} 12. c5 {[%emt 0:00:31]} Be7 {[%emt 0:00:28]} 13. Nb3 {[%emt 0:05:59]} O-O {[%emt 0:02:36]} 14. Na5 {[%emt 0:02:35]} Rfb8 {[%emt 0:01:07]} 15. Qa4 {[%emt 0:06:51]} Rb5 {[%emt 0:04:04]} 16. h4 {[%emt 0:03:17]} h5 {[%emt 0:04:33]} 17. Ng1 {[%emt 0:00:10]} e5 {[%emt 0:00:33]} 18. Ne2 {[%emt 0:00:05]} Qe8 {[%emt 0:23:25]} 19. Nc3 {[%emt 0:00:22]} Rxa5 {[%emt 0:04:59]} 20. bxa5 {[%emt 0:06:09]} Rb8 {[%emt 0:01:29]} 21. Nd1 {[%emt 0:00:37]} Rb5 {[%emt 0:00:50]} 22. Kd2 {[%emt 0:04:06]} Qb8 {[%emt 0:02:09]} 23. Bc3 {[%emt 0:04:16]} exd4 {[%emt 0:00:48]} 24. exd4 {[%emt 0:01:49]} Nf4 {[%emt 0:03:29]} 25. Bb4 {[%emt 0:03:22]} Qe8 {[%emt 0:05:44]} 26. Ne3 {[%emt 0:01:37]} Bh7 {[%emt 0:01:34]} 27. g3 {[%emt 0:01:25]} Nd3 {[%emt 0:01:05]} 28. Rhf1 {[%emt 0:02:19]} Qg6 {[%emt 0:02:15]} 29. Qc2 {[%emt 0:06:32]} Nxb4 {[%emt 0:00:53]} 30. Qxg6 {[%emt 0:00:07]} Bxg6 {[%emt 0:00:16]} 31. axb4 {[%emt 0:00:04]} Rxb4 {[%emt 0:00:15]} 32. Kc3 {[%emt 0:00:02]} Rb5 {[%emt 0:00:41]} 33. f4 {[%emt 0:00:44]} Be4 {[%emt 0:01:11]} 34. Rf2 {[%emt 0:00:35]} f5 {[%emt 0:01:30]} 35. Rb2 {[%emt 0:00:26]} Bf6 {[%emt 0:00:15]} 36. Rxb5 {[%emt 0:00:36]} cxb5 {[%emt 0:00:17]} 37. Rd1 {[%emt 0:00:50]} c6 {[%emt 0:00:55]} 38. Rd2 {[%emt 0:04:05]} Bd8 {[%emt 0:00:50]} 39. Kb4 {[%emt 0:00:11]} Kf7 {[%emt 0:00:58]} 40. Nd1 {[%emt 0:02:41]} Ke6 {[%emt 0:01:41]} 41. Nc3 {[%emt 0:01:04]} g6 {[%emt 0:02:21]} 42. Kb3 {[%emt 0:02:30]} Bf6 {[%emt 0:03:53]} 43. Na2 {[%emt 0:00:17]} Bd8 {[%emt 0:03:40]} 44. Nb4 {[%emt 0:00:16]} Bxa5 {[%emt 0:01:02]} 45. Ra2 {[%emt 0:00:05]} Bd8 {[%emt 0:00:25]} 46. Rxa6 {[%emt 0:00:13]} Bf6 {[%emt 0:00:50]} 47. Rxc6+ {[%emt 0:00:14]} Kf7 {[%emt 0:00:27]} 48. Kc3 {[%emt 0:00:06]} 1-0

[Event "CZE National Open 2020"]
[Site "Kouty nad Desnou"]
[Date "2020.03.10"]
[Round "5.6"]
[White "Holaskova, Veronika"]
[Black "Cizek, Jan"]
[Result "0-1"]
[WhiteElo "1376"]
[BlackElo "1566"]
[Annotator "NA RC"]
[PlyCount "106"]
[EventDate "2020.03.07"]
[EventCountry "CZE"]
[SourceTitle "playchess.com"]
[Source "ChessBase"]
[SourceQuality "1"]
[TimeControl "5400+30"]

1. e4 {[%emt 0:00:00]} c5 {[%emt 0:00:49]} 2. Nc3 {[%emt 0:00:23]} Nc6 {[%emt 0:00:28]} 3. Bc4 {[%emt 0:00:40]} Nf6 {[%emt 0:00:34]} 4. d3 {[%emt 0:00:23]} d6 {[%emt 0:01:33]} 5. Bg5 {[%emt 0:01:33]} Bg4 {[%emt 0:01:04]} 6. f3 {[%emt 0:00:28]} Bd7 {[%emt 0:00:08]} 7. Nge2 {[%emt 0:00:39]} e6 {[%emt 0:00:29]} 8. Qd2 {[%emt 0:01:08]} a6 {[%emt 0:00:18]} 9. a3 {[%emt 0:00:32]} b5 {[%emt 0:00:09]} 10. Ba2 {[%emt 0:00:46]} Be7 {[%emt 0:00:19]} 11. f4 {[%emt 0:00:53]} O-O {[%emt 0:02:40]} 12. O-O {[%emt 0:00:38]} Qb6 {[%emt 0:01:11]} 13. Kh1 {[%emt 0:00:24]} a5 {[%emt 0:00:27]} 14. Ng3 {[%emt 0:00:56]} b4 {[%emt 0:00:44]} 15. Nce2 {[%emt 0:00:42]} a4 {[%emt 0:01:16]} 16. axb4 {[%emt 0:03:13]} Nxb4 {[%emt 0:00:59]} 17. e5 {[%emt 0:00:42]} Nfd5 {[%emt 0:01:24]} 18. c4 {[%emt 0:00:46]} Bxg5 {[%emt 0:00:55]} 19. cxd5 {[%emt 0:02:12]} Nxa2 {[%emt 0:01:02]} 20. dxe6 {[%emt 0:01:19]} Bxe6 {[%emt 0:00:37]} 21. fxg5 {[%emt 0:01:24]} dxe5 {[%emt 0:00:21]} 22. Ne4 {[%emt 0:01:44]} Kh8 {[%emt 0:03:23]} 23. N2c3 {[%emt 0:00:38]} Nxc3 {[%emt 0:00:15]} 24. Nxc3 {[%emt 0:00:09]} Bb3 {[%emt 0:00:51]} 25. Qe3 {[%emt 0:01:09]} Qd6 {[%emt 0:01:04]} 26. Nb5 {[%emt 0:02:01]} Qc6 {[%emt 0:02:00]} 27. Na3 {[%emt 0:00:46]} Qd5 {[%emt 0:00:40]} 28. Rac1 {[%emt 0:01:01]} Qd4 {[%emt 0:00:25]} 29. Nc4 {[%emt 0:01:33]} Bxc4 {[%emt 0:00:30]} 30. Qxd4 {[%emt 0:00:18]} cxd4 {[%emt 0:00:09]} 31. Rxc4 {[%emt 0:00:11]} f5 {[%emt 0:00:35]} 32. gxf6 {[%emt 0:01:32]} gxf6 {[%emt 0:00:05]} 33. Ra1 {[%emt 0:00:07]} Rfb8 {[%emt 0:00:15]} 34. Rcxa4 {[%emt 0:01:13]} Rxa4 {[%emt 0:00:07]} 35. Rxa4 {[%emt 0:00:03]} Rxb2 {[%emt 0:00:05]} 36. Kg1 {[%emt 0:00:19]} Kg7 {[%emt 0:00:05]} 37. Kf1 {[%emt 0:00:09]} Kg6 {[%emt 0:00:04]} 38. Ra8 {[%emt 0:01:29]} Rd2 {[%emt 0:00:14]} 39. Rg8+ {[%emt 0:01:17]} Kf7 {[%emt 0:00:05]} 40. Rg3 {[%emt 0:00:05]} f5 {[%emt 0:00:27]} 41. Ke1 {[%emt 0:01:08]} Ra2 {[%emt 0:00:05]} 42. h4 {[%emt 0:00:22]} Kf6 {[%emt 0:00:21]} 43. h5 {[%emt 0:00:24]} e4 {[%emt 0:00:14]} 44. Rg8 {[%emt 0:01:50]} exd3 {[%emt 0:00:54]} 45. Rf8+ {[%emt 0:00:41]} Kg5 {[%emt 0:00:14]} 46. h6 {[%emt 0:01:35]} Re2+ {[%emt 0:03:56]} 47. Kd1 {[%emt 0:00:12]} Rf2 {[%emt 0:00:53]} 48. Rf7 {[%emt 0:00:23]} Kxh6 {[%emt 0:00:10]} 49. Rd7 {[%emt 0:00:20]} Rxg2 {[%emt 0:00:26]} 50. Rxd4 {[%emt 0:00:10]} d2 {[%emt 0:00:10]} 51. Rd6+ {[%emt 0:00:29]} Kg5 {[%emt 0:00:50]} 52. Rd7 {[%emt 0:00:13]} Rh2 {[%emt 0:00:06]} 53. Rd5 {[%emt 0:01:29]} Kg4 {[%emt 0:00:12]} 0-1

[Event "CZE National Open 2020"]
[Site "Kouty nad Desnou"]
[Date "2020.03.10"]
[Round "5.7"]
[White "Cipl, Jan"]
[Black "Strnad, Vladimir"]
[Result "1-0"]
[WhiteElo "1526"]
[BlackElo "1356"]
[Annotator "NA RC"]
[PlyCount "35"]
[EventDate "2020.03.07"]
[EventCountry "CZE"]
[SourceTitle "playchess.com"]
[Source "ChessBase"]
[SourceQuality "1"]
[TimeControl "5400+30"]

1. e4 {[%emt 0:00:00]} c5 {[%emt 0:00:00]} 2. Nf3 {[%emt 0:00:29]} Nc6 {[%emt 0:00:00]} 3. c4 {[%emt 0:01:25]} e5 {[%emt 0:01:20]} 4. d3 {[%emt 0:00:53]} Be7 {[%emt 0:00:55]} 5. Bd2 {[%emt 0:01:05]} Nf6 {[%emt 0:00:49]} 6. Be2 {[%emt 0:00:59]} O-O {[%emt 0:00:11]} 7. O-O {[%emt 0:01:27]} d6 {[%emt 0:00:30]} 8. Nc3 {[%emt 0:03:28]} Bg4 {[%emt 0:04:25]} 9. a3 {[%emt 0:02:20]} Qd7 {[%emt 0:05:03]} 10. Rb1 {[%emt 0:04:13]} Nd4 {[%emt 0:07:10]} 11. Nxd4 {[%emt 0:06:17]} cxd4 {[%emt 0:00:23]} 12. Bxg4 {[%emt 0:01:24]} Qxg4 {[%emt 0:01:27]} 13. Qxg4 {[%emt 0:00:07]} Nxg4 {[%emt 0:00:09]} 14. Nd5 {[%emt 0:00:07]} Bf6 {[%emt 0:03:54]} 15. h3 {[%emt 0:01:09]} Nxf2 {[%emt 0:04:01]} 16. Nxf6+ {[%emt 0:00:47]} gxf6 {[%emt 0:00:13]} 17. Rxf2 {[%emt 0:00:06]} Kg7 {[%emt 0:00:17]} 18. Rbf1 {[%emt 0:00:07]} 1-0

[Event "CZE National Open 2020"]
[Site "Kouty nad Desnou"]
[Date "2020.03.10"]
[Round "5.8"]
[White "Mametev, Artem"]
[Black "Pejrimovsky, Tadeas Rubel"]
[Result "1-0"]
[WhiteElo "1419"]
[BlackElo "1502"]
[Annotator "NA"]
[PlyCount "69"]
[EventDate "2020.03.07"]
[EventCountry "CZE"]
[SourceTitle "playchess.com"]
[Source "ChessBase"]
[SourceQuality "1"]
[TimeControl "5400+30"]

1. e4 {[%emt 0:00:00]} c5 {[%emt 0:00:00]} 2. Nf3 {[%emt 0:00:00]} Nc6 {[%emt 0:00:03]} 3. d4 {[%emt 0:00:00]} cxd4 {[%emt 0:00:40]} 4. Nxd4 {[%emt 0:00:07]} Nf6 {[%emt 0:01:15]} 5. Nc3 {[%emt 0:00:21]} e5 {[%emt 0:02:13]} 6. Ndb5 {[%emt 0:00:18]} d6 {[%emt 0:02:42]} 7. Bg5 {[%emt 0:00:16]} a6 {[%emt 0:03:51]} 8. Bxf6 {[%emt 0:00:50]} gxf6 {[%emt 0:01:01]} 9. Na3 {[%emt 0:00:19]} b5 {[%emt 0:03:23]} 10. Nd5 {[%emt 0:00:14]} f5 {[%emt 0:02:57]} 11. c3 {[%emt 0:00:07]} Bg7 {[%emt 0:00:54]} 12. exf5 {[%emt 0:00:14]} Bxf5 {[%emt 0:04:19]} 13. Nc2 {[%emt 0:00:03]} O-O {[%emt 0:01:09]} 14. Nce3 {[%emt 0:00:31]} Be6 {[%emt 0:01:25]} 15. Bd3 {[%emt 0:00:07]} f5 {[%emt 0:01:55]} 16. Bc2 {[%emt 0:02:29]} Kh8 {[%emt 0:07:33]} 17. Qh5 {[%emt 0:18:42]} e4 {[%emt 0:12:13]} 18. Nf4 {[%emt 0:03:29]} Qf6 {[%emt 0:03:41]} 19. Nxe6 {[%emt 0:13:00]} Qxe6 {[%emt 0:01:47]} 20. Bb3 {[%emt 0:01:56]} Qe5 {[%emt 0:03:19]} 21. Rd1 {[%emt 0:02:38]} Ne7 {[%emt 0:02:58]} 22. Nd5 {[%emt 0:10:38]} a5 {[%emt 0:02:57]} 23. Nxe7 {[%emt 0:09:01]} Qxe7 {[%emt 0:00:52]} 24. Bd5 {[%emt 0:01:06]} Rac8 {[%emt 0:01:16]} 25. O-O {[%emt 0:01:55]} f4 {[%emt 0:00:33]} 26. Qe2 {[%emt 0:01:48]} f3 {[%emt 0:03:02]} 27. Qxe4 {[%emt 0:00:49]} Qg5 {[%emt 0:00:48]} 28. g3 {[%emt 0:01:59]} Rce8 {[%emt 0:01:06]} 29. Qh4 {[%emt 0:04:02]} Qg6 {[%emt 0:01:49]} 30. Rde1 {[%emt 0:03:23]} Bf6 {[%emt 0:02:57]} 31. Rxe8 {[%emt 0:02:29]} Rxe8 {[%emt 0:03:10]} 32. Qf4 {[%emt 0:01:32]} Be5 {[%emt 0:01:56]} 33. Qxf3 {[%emt 0:01:02]} Qc2 {[%emt 0:01:35]} 34. Be4 {[%emt 0:01:31]} Qd2 {[%emt 0:02:30]} 35. Qf7 1-0

[Event "CZE National Open 2020"]
[Site "Kouty nad Desnou"]
[Date "2020.03.10"]
[Round "5.9"]
[White "Milfort, Vaclav"]
[Black "Sichrovsky, Tomas"]
[Result "1-0"]
[WhiteElo "1350"]
[BlackElo "1470"]
[Annotator "NA RC"]
[PlyCount "66"]
[EventDate "2020.03.07"]
[EventCountry "CZE"]
[SourceTitle "playchess.com"]
[Source "ChessBase"]
[SourceQuality "1"]
[TimeControl "5400+30"]

1. b3 {[%emt 0:00:00]} d5 {[%emt 0:00:13]} 2. Nf3 {[%emt 0:01:15]} c5 {[%emt 0:00:43]} 3. Bb2 {[%emt 0:02:00]} Nf6 {[%emt 0:00:58]} 4. e3 {[%emt 0:02:29]} e6 {[%emt 0:01:52]} 5. c4 {[%emt 0:01:15]} Be7 {[%emt 0:00:57]} 6. Nc3 {[%emt 0:03:09]} O-O {[%emt 0:00:50]} 7. d4 {[%emt 0:02:46]} b6 {[%emt 0:03:00]} 8. Be2 {[%emt 0:00:57]} Bb7 {[%emt 0:01:47]} 9. h3 {[%emt 0:01:58]} Nbd7 {[%emt 0:02:54]} 10. Qc2 {[%emt 0:01:58]} Rc8 {[%emt 0:02:24]} 11. Nb5 {[%emt 0:06:25]} a6 {[%emt 0:03:04]} 12. Nc3 {[%emt 0:00:14]} Bd6 {[%emt 0:10:58]} 13. g4 {[%emt 0:03:15]} cxd4 {[%emt 0:03:27]} 14. exd4 {[%emt 0:02:00]} dxc4 {[%emt 0:01:06]} 15. bxc4 {[%emt 0:00:20]} Bxf3 {[%emt 0:02:20]} 16. Bxf3 {[%emt 0:01:09]} Rxc4 {[%emt 0:03:06]} 17. Qd3 {[%emt 0:01:12]} Qc7 {[%emt 0:02:44]} 18. Rc1 {[%emt 0:00:34]} Bb4 {[%emt 0:01:19]} 19. a3 {[%emt 0:01:56]} Bxc3+ {[%emt 0:01:52]} 20. Rxc3 {[%emt 0:01:08]} Rxc3 {[%emt 0:00:19]} 21. Qxc3 {[%emt 0:00:42]} Qxc3+ {[%emt 0:00:37]} 22. Bxc3 {[%emt 0:00:09]} Nd5 {[%emt 0:01:02]} 23. Bxd5 {[%emt 0:00:37]} exd5 {[%emt 0:00:01]} 24. Kd2 {[%emt 0:00:34]} f5 {[%emt 0:01:52]} 25. Bb4 {[%emt 0:02:18]} Re8 {[%emt 0:01:51]} 26. gxf5 {[%emt 0:01:00]} Kf7 {[%emt 0:01:00]} 27. Rc1 {[%emt 0:00:27]} Rb8 {[%emt 0:15:00]} 28. Rc7 {[%emt 0:00:47]} Ke8 {[%emt 0:00:36]} 29. Bd6 {[%emt 0:00:51]} Ra8 {[%emt 0:02:57]} 30. Rc1 {[%emt 0:01:26]} Nf6 {[%emt 0:01:04]} 31. f3 {[%emt 0:02:48]} Kd7 {[%emt 0:00:42]} 32. Be5 {[%emt 0:00:50]} Rc8 {[%emt 0:03:03]} 33. Rg1 {[%emt 0:00:24]} Rg8 1-0